| 000 | 01171cam a22003135i 4500 | ||
|---|---|---|---|
| 999 |
_c15491 _d15491 |
||
| 003 | EG-ScBUE | ||
| 005 | 20200129125755.0 | ||
| 008 | 200129s1999 nyu g 000 0 eng d | ||
| 020 | _a0684869837 | ||
| 020 | _a9780684869834 | ||
| 040 |
_aEG-ScBUE _beng _erda _cEG-ScBUE _dEG-ScBUE |
||
| 082 | 0 | 4 |
_a158.1082 _bVAN _222 |
| 100 | 1 |
_aVanzant, Iyanla, _eauthor. |
|
| 245 | 1 | 0 |
_aDon't give it away! : _ba workbook of self-awareness and self-affirmation for young women / _cIyanla Vanzant with Almasi Wilcots. |
| 250 | _aFirst edition. | ||
| 264 | 1 |
_aNew York : _bFireside Book, _c1999. |
|
| 300 |
_a126 pages : _billustrations ; _c22 cm |
||
| 336 |
_atext _btxt _2rdacontent |
||
| 337 |
_aunmediated _bn _2rdamedia |
||
| 338 |
_avolume _bnc _2rdacarrier |
||
| 520 | _aThe author encourages young women to record their feelings about themselves and those around them as a means to understanding them. | ||
| 650 | 7 |
_aYoung women _vLife skills guides. _2BUEsh _924508 |
|
| 650 | 7 |
_aAffirmations. _2BUEsh _924509 |
|
| 650 | 7 |
_aSelf-perception. _2BUEsh _924510 |
|
| 651 | _2BUEsh | ||
| 653 |
_bGGEN _cJune2011 |
||
| 700 | 1 |
_aWilcots, Almasi, _eauthor. _924507 |
|
| 942 |
_2ddc _cBB |
||